| 000 | 00505nam a22001817a 4500 | ||
|---|---|---|---|
| 003 | 0 | ||
| 005 | 20240108130327.0 | ||
| 008 | 240108b xxu||||| |||| 00| 0 eng d | ||
| 020 | _a978-1-338-03287-1 | ||
| 050 |
_aFIC _bSt5 2011 |
||
| 082 |
_aFIC _bSt5 2011 |
||
| 100 | _aStilton, Geronimo | ||
| 245 |
_aMagical mission _cGeronimo Stilton |
||
| 260 |
_aScholastic, Inc. _bNew York _cc2011. |
||
| 300 |
_a105 pages : _bcolored illustrations ; _c20cm. |
||
| 650 | _aChildrens stories. | ||
| 942 |
_2ddc _cBK |
||
| 999 |
_c365812 _d365812 |
||